Điện và từ
Giáo trình được trình bày theo một hệ thống nhất, có các lập luận logic xuyên suốt toàn bộ các kiến thức cần thiết. Giáo trình được phân ra thành 12 chương bao quát các kíen thức cơ bản về điện học và từ học......
Đã lưu trong:
| 主要作者: | |
|---|---|
| 格式: | 圖書 |
| 語言: | Undetermined |
| 出版: |
Hà Nội
Đại học Quốc gia Hà Nội
2009
|
| 主題: | |
| 標簽: |
添加標簽
沒有標簽, 成為第一個標記此記錄!
|
| Thư viện lưu trữ: | Trung tâm Học liệu Trường Đại học Cần Thơ |
|---|
| LEADER | 00906nam a2200205Ia 4500 | ||
|---|---|---|---|
| 001 | CTU_131672 | ||
| 008 | 210402s9999 xx 000 0 und d | ||
| 020 | |c 65000 | ||
| 082 | |a 621.3 | ||
| 082 | |b A300 | ||
| 100 | |a Tôn, Tích Ái | ||
| 245 | 0 | |a Điện và từ | |
| 245 | 0 | |c Tôn Tích Ái | |
| 260 | |a Hà Nội | ||
| 260 | |b Đại học Quốc gia Hà Nội | ||
| 260 | |c 2009 | ||
| 520 | |a Giáo trình được trình bày theo một hệ thống nhất, có các lập luận logic xuyên suốt toàn bộ các kiến thức cần thiết. Giáo trình được phân ra thành 12 chương bao quát các kíen thức cơ bản về điện học và từ học... | ||
| 650 | |a Electricity,Magnetics,Điện,Từ tính | ||
| 904 | |i Thảo, Hải | ||
| 980 | |a Trung tâm Học liệu Trường Đại học Cần Thơ | ||